000
00370nam a2200133Ia 4500
001
14581
003
GE_BSU
008
181216s||||||||xx |||||||||||||| ||und||
040
_c
GE_BSU
245
_a
Банковские технологии № 11(226) 2014
245
_c
Гл. ред.Ю.Н.Гордеев
653
_a
Банковские технологии
942
_c
CR
999
_c
47710
_d
47710